000 00553nam a22001697a 4500
003 OSt
005 20120302151035.0
008 090914t xxu||||| |||| 00| 0 eng d
035 _a१३८९७
040 _cमराठी
100 _aवाखारकर,दि. गो .
_98797
245 _aमहाराष्ट्र दर्शनः क्रिडा दर्शन ( भाग १५ )
250 _a१ ली
260 _aपुणे
_bअतुल
_c१९८६
300 _b५५ पाने
942 _2ddc
_cBOOK
999 _c493617
_d493614